History Quiz

Random History or Poem Quiz

In Flanders Fields Quiz Stats

 Plays Quiz Updated Feb 25, 2019

Score 0/97 Timer 11:00
4 Plays Today
Word % Correct
In
97.9%
in
97.9%
In
97.9%
In
97.9%
Flanders
96.7%
Flanders
96.6%
Flanders
96.6%
the
96.3%
the
96.3%
the
96.3%
The
96.3%
the
96.3%
the
96.3%
the
96.3%
The
96.3%
and
95.9%
and
95.9%
and
95.9%
fields
95.4%
fields.
95.4%
fields.
95.4%
poppies
82.6%
poppies
82.6%
We
81%
We
81%
we
81%
we
81%
We
81%
on
80.4%
be
76.4%
grow
74.9%
are
72.3%
row
68.6%
Word % Correct
row,
68.6%
To
68.3%
to
68.3%
Dead.
65.9%
blow
64.9%
you
64.7%
crosses,
63.7%
our
63%
our
63%
Between
61.1%
were
61%
lie,
60.7%
die
59.2%
sky
58.5%
not
58%
That
57.7%
up
56.7%
it
56%
with
55.7%
with
55.7%
If
54.5%
now
54.2%
guns
54%
larks,
53.8%
who
53.2%
still
53%
Loved
52.9%
loved,
52.9%
fly
52.4%
us
52.3%
shall
52%
lived,
51.8%
days
51.6%
Word % Correct
mark
50.9%
from
50.3%
singing,
50.3%
saw
50.2%
Take
50.2%
ye
50.2%
place;
50%
below.
50%
ago
49.3%
bravely
48.9%
foe:
47.9%
sunset
47.5%
Short
47.1%
felt
46.5%
heard
46.5%
dawn,
46.5%
glow,
46.3%
though
46%
sleep,
45.8%
torch;
45.4%
quarrel
45%
amid
44.9%
Scarce
44.5%
high.
43.7%
hands
43%
hold
42.4%
yours
42.2%
throw
42%
faith
41.7%
break
40.8%
failing
39.9%

You're not logged in!

Compare scores with friends on all Sporcle quizzes.
OR
Log In

Show Comments

Extras

Top Quizzes Today


Score Distribution

Your Account Isn't Verified!

In order to create a playlist on Sporcle, you need to verify the email address you used during registration. Go to your Sporcle Settings to finish the process.

Report this User

Report this user for behavior that violates our Community Guidelines.

Details: